राख का क़िला / (Record no. 113605)

MARC details
000 -LEADER
fixed length control field 01071nam a22002777a 4500
003 - CONTROL NUMBER IDENTIFIER
control field dpl
005 - DATE AND TIME OF LATEST TRANSACTION
control field 20190117151042.0
008 - FIXED-LENGTH DATA ELEMENTS--GENERAL INFORMATION
fixed length control field 190117b ||||| |||| 00| 0 eng d
010 ## - LIBRARY OF CONGRESS CONTROL NUMBER
LC control number B-081642, B-075289
020 ## - INTERNATIONAL STANDARD BOOK NUMBER
Terms of availability 100.00
035 ## - SYSTEM CONTROL NUMBER
System control number B-081642, B-075289
037 ## - SOURCE OF ACQUISITION
Source of stock number/acquisition Cen Lib/Ret
040 ## - CATALOGING SOURCE
Original cataloging agency DPL
Language of cataloging HN
Transcribing agency 0
082 ## - DEWEY DECIMAL CLASSIFICATION NUMBER
Classification number 821
Item number अजन्ता
100 ## - MAIN ENTRY--PERSONAL NAME
Personal name अजन्ता देव
9 (RLIN) 3694
245 ## - TITLE STATEMENT
Title राख का क़िला /
Statement of responsibility, etc अजन्ता देव
246 ## - VARYING FORM OF TITLE
Title proper/short title Raakh ka kila /
Remainder of title by Ajanta Dev
260 ## - PUBLICATION, DISTRIBUTION, ETC. (IMPRINT)
Place of publication, distribution, etc बीकानेर
Name of publisher, distributor, etc वागदेवी प्रकाशन
Date of publication, distribution, etc 2002
270 ## - ADDRESS
City बीकानेर
Address सुगन निवास, चन्दनसागर
Postal code 334001
300 ## - PHYSICAL DESCRIPTION
Extent 80पृ.
Dimensions 21सेमी (सजिल्द)
650 ## - SUBJECT ADDED ENTRY--TOPICAL TERM
Topical term or geographic name as entry element हिन्दी -- साहित्य
9 (RLIN) 53009
650 ## - SUBJECT ADDED ENTRY--TOPICAL TERM
Topical term or geographic name as entry element हिन्दी -- कविताएँ
9 (RLIN) 53010
650 ## - SUBJECT ADDED ENTRY--TOPICAL TERM
Topical term or geographic name as entry element Hindi -- literature
9 (RLIN) 53011
650 ## - SUBJECT ADDED ENTRY--TOPICAL TERM
Topical term or geographic name as entry element Hindi - Poems
9 (RLIN) 53012
942 ## - ADDED ENTRY ELEMENTS (KOHA)
Source of classification or shelving scheme Dewey Decimal Classification
Koha item type Hindi Books
Classification part 821
Call number suffix अजन्ता
Holdings
Withdrawn status Lost status Damaged status Not for loan Home library Current library Date acquired Source of acquisition Cost, normal purchase price Total Checkouts Full call number Barcode Date last seen Copy number Cost, replacement price Price effective from Koha item type Source of classification or shelving scheme Collection code
        Central Library Central Library 12/08/2015 Cen Lib/Ret 100.00   821 अजन्ता B-081642 12/08/2015 1 100.00 12/08/2015 Hindi Books    
        Shahdara Branch Shahdara Branch 17/01/2019 BPPD/PUB 100.00   821 अजन्ता B-075289 17/01/2019   100.00 17/01/2019 Hindi Books Dewey Decimal Classification Non-fiction

© Delhi Public Library
Hit Counter
free hit counter